01020nam a22002297a 45000010005000000030006000050050017000110080041000280200019000690400033000880500014001210820013001351000019001482450030001672600037001973000049002345050007002835200445002905210018007355210018007537000019007714145FISKH20240612141311.0240612b cb ||||| |||| 00| 0 eng d a9780531223550  aFISKH beng cFISKH dFISKH  aDK268.S8  a947.084  aMcCollum Sean  aStalin / cSean McCollum  aNew York : bScholastic, c2010  a128 pages : bcolor illustrations ; c18 cm  aU  a- Opening quote by or about the featured villain/villainess- Historical map, annotated with key locations from person's life- A Wicked Web featuring allies and enemies- Historical photos and etchings- Boxes with additional information- Photo documentaries: six to eight pages of photos and captions telling the person's life- Timeline, glossary, additional sources- Engaging narrative nonfiction written at a very accessible reading level. 8 a970 bLexile 8 aU bRaz-Plus  aSean McCollum